Podnikateľská a environmentálna etika
Gespeichert in:
| 1. Verfasser: | |
|---|---|
| Weitere Verfasser: | |
| Format: | Buch |
| Sprache: | Slowakisch |
| Veröffentlicht: |
Bratislava
IRIS
1999
|
| Schlagworte: | |
| Tags: |
Keine Tags, Fügen Sie das erste Tag hinzu!
|
MARC
| LEADER | 00000nam a2200000 4500 | ||
|---|---|---|---|
| 001 | c118012 | ||
| 005 | 20221123133300.9 | ||
| 020 | |a 80-88778-85-9 | ||
| 041 | 0 | |a slo | |
| 044 | |a SK | ||
| 245 | 1 | 0 | |a Podnikateľská a environmentálna etika |c Dagmar Smreková, Zuzana Palovičová |
| 264 | 1 | |a Bratislava |b IRIS |c 1999 | |
| 300 | |a 144 s. | ||
| 610 | 2 | 0 | |a morálka |
| 610 | 2 | 0 | |a etika environmentálna |
| 610 | 2 | 0 | |a etika podnikateľská |
| 610 | 2 | 0 | |a etika aplikovaná |
| 610 | 2 | 0 | |a príroda |
| 610 | 2 | 0 | |a prostredie životné |
| 610 | 2 | 0 | |a normy etické |
| 610 | 2 | 0 | |a podnikanie |
| 610 | 2 | 0 | |a podnik |
| 610 | 2 | 0 | |a zodpovednosť |
| 610 | 2 | 0 | |a kódexy etické |
| 100 | 1 | |a Smreková, Dagmar | |
| 700 | 1 | |a Palovičová, Zuzana | |